000
00291nam a2200121Ia 4500
008
220204s9999 xx 000 0 und d
082
_a
504
_b
FUT
100
_a
Futehally, Laeeq
245
0
_a
Our environment
250
_a
Ed.3
260
_a
New Delhi
_b
National Book Trust
_c
1994
942
_c
BK
999
_c
41825
_d
41825